000 00847cam a2200193 4500
001 WB3711-02
008 000000n2001 000 0 eng u
035 _a(Sirsi) u111452
245 _aRadio mast deals
260 _c2001
490 _aBirmingham Post
_v 15 March 2001, 5(1)
520 _aLandowners who sign lucrative radio mast deals with mobile phone operators may find that they have signed away many of their rights, according to a lawyer specialising in commercial property. Martineau Johnson lawyer, Rebecca Dean, reveals that once a contract is signed the mobile phone operators have 'unfettered' powers to install any apparatus they want, above or below ground.
590 _aWB
650 _aMOBILE PHONE MASTS
650 _aTELECOMMUNICATIONS
650 _aContracts
_96232
690 _aBoundary disputes
_96221
942 _n0
999 _c66409
_d66409